Statistics for A-Z: History

Click here to take the quiz!

General Stats

  • This quiz has been taken 67 times
  • The average score is 19 of 26

Answer Stats

HintAnswer% Correct
Italian astronomer who discovered many moons of JupiterGGalileo Galilei
97%
Name for mass genocide of Jews, committed by NazisHHolocaust
95%
Japanese war tactic where people suicide bomb enemiesKKamikaze
95%
Iraqi empire with a famous theoretical gardenBBabylon
93%
King of Scotland as well as king of EnglandJJames
93%
City where Al Capone residedCChicago
90%
Queen of Spain when Christopher Columbus discovered the AmericasIIsabella
90%
Allied is to the UK as ---- is to GermanyAAxis
88%
German author who wrote "Das Capital"MKarl Marx
88%
Original name of New YorkNNew Amsterdam
88%
Major Islamic textQQuran
88%
Roman Goddess being born in a painting by Sandro BotticelliVVenus
88%
Country that Tito ruledYYugoslavia
85%
African war in 1879ZZulu War
81%
Novel written by James JoyceUUlysses
78%
Egyptian pharaoh known as "the Great"RRamesses II
71%
Greek mathematician known as the founder of geometryEEuclid
66%
City where the Terracotta Army liesXXian
61%
War between Russia and FinlandWWinter War
59%
Country formerly known as the Ellice IslandsTTuvalu
56%
Kingdom that Charlemagne ruledFFrankish Kingdom
54%
Island settled by Sir Stamford RafflesSSingapore
44%
Mexican civilisation that built massive headsOOlmec
41%
Ancient empire that was based in modern-day LebanonPPhoenicia
39%
Former name of BeninDDahomey
34%
Type of boat used by the Vikings to travelLLongship
20%

Score Distribution

Percentile by Number Answered

Percent of People with Each Score

Your Score History

You have not taken this quiz